000 00588nam a2200217 a 4500
999 _c4675
_d4675
001 4675
003 BD-JhCC
005 20171130092222.0
008 171129s1958 Bg |||| ||a| 000 0 eng d
035 _a(BD-JhCC)4675
040 _aBD-JhCC
_dBD-JhCC
041 _aEng
082 _a959
_bCAB 1958
100 _aClaude A. Buss
245 _aSoutheast Asia And The World Today /
_cClaude A. Buss
260 _aToronto
_aLondon :
_bD. Van Nostrand Company,
_c1958
300 _a104 p. :
_c18 cm.
650 _aPolitics And Government
_zSoutheast Asia
942 _2ddc
_cBK